| 000 | 00437nam a22001697a 4500 | ||
|---|---|---|---|
| 003 | MPLRDC | ||
| 005 | 20220104162650.0 | ||
| 008 | 210129b ||||| |||| 00| 0 eng d | ||
| 020 | _a0-13-550228-4 | ||
| 082 | _a524.9691 DOU 1979 | ||
| 100 | _aEVAN J. DOUGLAS | ||
| 245 |
_aMANAGERIAL ECONOMICS THEORY, PRACTICE AND PROBLEMS _c |
||
| 260 |
_a _bPRENTICE/HALL INTERN _c |
||
| 300 | _b平 | ||
| 650 | _a | ||
| 942 |
_cBK _o524.9691 DOU 1979 |
||
| 999 |
_c56080 _d56070 |
||